[Event "RUS-CHN Junior rapid"]
[Site "Belokurikha"]
[Date "2018.07.16"]
[Round "8.3"]
[White "Liu, Yunsong"]
[Black "Murzin, Volodar"]
[Result "0-1"]
[WhiteElo "1872"]
[BlackElo "2306"]
[PlyCount "142"]
[EventDate "2018.07.15"]
[EventType "schev (rapid)"]
[EventRounds "8"]
[EventCountry "RUS"]
[SourceTitle "CBM 185 Extra"]
[Source "ChessBase"]
[SourceDate "2018.07.29"]
[SourceVersion "1"]
[SourceVersionDate "2018.07.29"]
[SourceQuality "1"]
[WhiteTeam "China"]
[BlackTeam "Russia"]
[WhiteTeamCountry "CHN"]
[BlackTeamCountry "RUS"]

1. e4 c5 2. Nf3 d6 3. d4 cxd4 4. Nxd4 Nf6 5. Nc3 a6 6. Be2 e5 7. Nf3 Be7 8. h3 h6 9. Be3 Be6 10. Qd2 Nbd7 11. 0-0 0-0 12. Rad1 b5 13. a3 Rc8 14. Nh2 Nc5 15. f3 Ncd7 16. Ng4 Nxg4 17. hxg4 Nb6 18. g3 Nc4 19. Bxc4 Rxc4 20. Rf2 g5 21. Nd5 Bxd5 22. Qxd5 Qc8 23. c3 Kg7 24. Rd3 Qc6 25. Rfd2 Qxd5 26. Rxd5 Rfc8 27. Bb6 Ra4 28. Kf1 Rc6 29. Bf2 Rac4 30. Ke2 Kf6 31. Rd1 Ke6 32. Rh1 Bf8 33. Be3 f6 34. Kd3 Rc8 35. Kc2 R4c6 36. Rhd1 Rb8 37. b4 Rbc8 38. Bd2 Rc4 39. Kb3 h5 40. gxh5 g4 41. fxg4 Rxe4 42. Rd3 Rxg4 43. h6 Be7 44. a4 f5 45. axb5 axb5 46. Be1 Rh8 47. Rd5 Rxh6 48. Rxb5 Rh1 49. Kc2 Re4 50. Bd2 Rh2 51. Kc1 Ree2 52. Ra5 Rhg2 53. Be1 Bg5+ 54. Kb1 Rg1 55. Ra6 Be7 56. b5 Rgxe1 57. Rxe1 Rxe1+ 58. Kc2 Kd5 59. b6 Kc6 60. Ra7 Bd8 61. b7 Bc7 62. c4 Re3 63. b8Q Bxb8 64. Rg7 Kc5 65. Rf7 Kxc4 66. Rxf5 Ba7 67. Rf6 d5 68. g4 Re2+ 69. Kd1 Kd3 70. Rd6 Rh2 71. Rxd5+ Bd4 0-1

[Event "RUS-CHN Junior rapid"]
[Site "Belokurikha"]
[Date "2018.07.15"]
[Round "3.8"]
[White "Grebnev, Aleksey"]
[Black "Liu, Yunsong"]
[Result "0-1"]
[WhiteElo "2143"]
[BlackElo "1872"]
[PlyCount "110"]
[EventDate "2018.07.15"]
[EventType "schev (rapid)"]
[EventRounds "8"]
[EventCountry "RUS"]
[SourceTitle "CBM 185 Extra"]
[Source "ChessBase"]
[SourceDate "2018.07.29"]
[SourceVersion "1"]
[SourceVersionDate "2018.07.29"]
[SourceQuality "1"]
[WhiteTeam "Russia"]
[BlackTeam "China"]
[WhiteTeamCountry "RUS"]
[BlackTeamCountry "CHN"]

1. e4 c5 2. Nf3 d6 3. d4 cxd4 4. Nxd4 Nf6 5. Nc3 g6 6. Be3 Bg7 7. f3 a6 8. h4 Qc7 9. Qd2 Nbd7 10. g4 Ne5 11. 0-0-0 b5 12. g5 Nh5 13. Nd5 Qb7 14. Rg1 Be6 15. Nxe6 fxe6 16. Nb6 Nxf3 17. Qg2 Nxg1 18. Nxa8 Qxa8 19. Bxg1 Nf4 20. Qf3 0-0 21. Bh2 Be5 22. Qb3 Qxe4 23. Kb1 Nd5 24. Bxe5 Qxe5 25. Bh3 Rf4 26. h5 gxh5 27. Qg3 Qe3 28. Qxe3 Nxe3 29. Bxe6+ Kg7 30. Re1 h4 31. Kc1 Ng2 32. Rg1 Rf2 33. Bc8 a5 34. Bd7 b4 35. c3 bxc3 36. bxc3 Rxa2 37. Bf5 Nf4 38. Kb1 Rf2 39. Rh1 Nd5 40. Bd3 Nxc3+ 41. Kc1 Ne2+ 42. Bxe2 Rxe2 43. Rxh4 Re5 44. Rh5 Kg6 45. Rh6+ Kxg5 46. Rxh7 Kf4 47. Kd2 Rd5+ 48. Kc3 e5 49. Rh4+ Kf5 50. Rh5+ Ke6 51. Rh6+ Kd7 52. Kc4 Rd4+ 53. Kb5 a4 54. Rh7+ Ke6 55. Rh6+ Kd5 0-1